|
|
|
|
| LEADER |
00000nab a2200000uu 4500 |
| 001 |
vtls011458831 |
| 003 |
SK-MaSNL |
| 005 |
20260303113350.0 |
| 008 |
230121|2011 xo |||||||||||||||||slo| |
| 015 |
|
|
|a SNBRB
|
| 035 |
|
|
|a (urnnbn)urn:nbn:sk:snk:ar-a0a6cc
|
| 035 |
|
|
|a (uuid)426e3abf-2e77-4ed4-9ecd-da5728d792c1
|
| 035 |
|
|
|a urn:nbn:sk:snk-abct3q
|
| 040 |
|
|
|a SNKBUCL
|b slo
|c SNKBUCL
|e AACR2
|
| 041 |
0 |
|
|a slo
|
| 044 |
|
|
|a xo
|c SK
|
| 100 |
1 |
|
|a Kotira, Peter
|4 aut
|9 545951
|
| 245 |
1 |
0 |
|a Postavenie zamestnanca s HIV/AIDS v pracovnoprávnych vzťahoch
|c Peter Kotira
|
| 773 |
0 |
|
|t Justičná revue : časopis pre právnu prax
|g Roč. 63, č. 6-7 (2011), s. 876-886
|
| 958 |
|
|
|a OND
|
| 958 |
|
|
|a EUIPO
|
| 958 |
|
|
|a article16
|
| 999 |
|
|
|c 1892101
|d 1894031
|